000 00738nam a2200217Ii 4500
003 JO-AjNU
008 230605s9999||||xx |||||||||||||| ||und||
017 _a1992/2197
020 _a977-200-029-6
040 _aJO-AjNU
_bara
_erda
_cJO-AjNU
041 _aara
050 1 4 _aLB1025 1994
100 3 _aحجي، أحمد اسماعيل تأليف/محمد،سليمان عبد ربه م.مشارك,
_eauthor
_938355
245 0 0 _aالأصول الإجتماعية للتربية
264 3 1 _aالقاهرة: مكتبة النهضة المصرية،1994
300 _a174ص
336 _atext
_btxt
_2rdacontent
337 _aunmediated
_bn
_2rdamedia
338 _avolume
_bnc
_2rdacarrier
650 4 _aتربية وتعليم
_938356
999 _aA16108
_c19676
_d19676